00553nam a2200169Ia 4500008004100000020001500041041001200056082001600068100001500084245003500099260004200134300000800176650001700184942000700201999001500208952016000223221030s9999 xx 000 0 und d a8185749795 aEnglish a105.23bGil aP. S. Gill 0aMachine Drawingcby P. S. Gill bS.K. Kataria & SonsaNew Delhic2003 a709 aBB Mechanics cBK c1157d1157 pBB 18g190.00l0o105.23 Gilr2025-05-17 00:00:00w2022-10-30yBK003Print4070aMIETLIBbMIETLIBcBL-Second, FL-1, CUP-100, SH-3, R-3d2003-06-1810HBB